Forest products marketing / (Record no. 32148)

MARC details
000 -LEADER
fixed length control field 01043pam a2200289 a 4500
001 - CONTROL NUMBER
control field 2960260
003 - CONTROL NUMBER IDENTIFIER
control field OSt
005 - DATE AND TIME OF LATEST TRANSACTION
control field 20220307093639.0
008 - FIXED-LENGTH DATA ELEMENTS--GENERAL INFORMATION
fixed length control field 910530s1992 nyua b 001 0 eng
010 ## - LIBRARY OF CONGRESS CONTROL NUMBER
LC control number 91021927
020 ## - INTERNATIONAL STANDARD BOOK NUMBER
International Standard Book Number 0070575460 :
Terms of availability $37.95
020 ## - INTERNATIONAL STANDARD BOOK NUMBER
International Standard Book Number 0070575479 (IM)
040 ## - CATALOGING SOURCE
Original cataloging agency DLC
Transcribing agency HU
Modifying agency DLC
050 00 - LIBRARY OF CONGRESS CALL NUMBER
Classification number HD9750.5
Item number .S56 1992
082 00 - DEWEY DECIMAL CLASSIFICATION NUMBER
Classification number 634.9/8/0688
Edition number 20
100 1# - MAIN ENTRY--PERSONAL NAME
Personal name Sinclair, Steven A.
Fuller form of name (Steven Allen),
Dates associated with a name 1953-
9 (RLIN) 32104
245 10 - TITLE STATEMENT
Title Forest products marketing /
Statement of responsibility, etc. Steven A. Sinclair.
260 ## - PUBLICATION, DISTRIBUTION, ETC.
Place of publication, distribution, etc. New York :
Name of publisher, distributor, etc. McGraw-Hill,
Date of publication, distribution, etc. c1992.
300 ## - PHYSICAL DESCRIPTION
Extent xvii, 403 p. :
Other physical details ill. ;
Dimensions 24 cm.
440 #0 - SERIES STATEMENT/ADDED ENTRY--TITLE
Title McGraw-Hill series in forest resources
9 (RLIN) 6088
504 ## - BIBLIOGRAPHY, ETC. NOTE
Bibliography, etc. note Includes bibliographical references and index.
650 #0 - SUBJECT ADDED ENTRY--TOPICAL TERM
Topical term or geographic name entry element Forest products
General subdivision Marketing.
9 (RLIN) 32105
650 #0 - SUBJECT ADDED ENTRY--TOPICAL TERM
Topical term or geographic name entry element Forest products industry.
9 (RLIN) 9966
906 ## - LOCAL DATA ELEMENT F, LDF (RLIN)
a 7
b cbc
c orignew
d 1
e ocip
f 19
g y-gencatlg
942 ## - ADDED ENTRY ELEMENTS (KOHA)
Source of classification or shelving scheme Dewey Decimal Classification
Koha item type Books like text book referance book
Suppress in OPAC No
Holdings
Withdrawn status Lost status Source of classification or shelving scheme Damaged status Not for loan Collection code Home library Current library Shelving location Date acquired Total Checkouts Full call number Barcode Date last seen Copy number Price effective from Koha item type
    Dewey Decimal Classification     Reference Wondo Genet Library Wondo Genet Library General Stacks 03/07/2022   634.9/8/068 SIN 1992 WGCFNRL00012294 03/07/2022 1 03/07/2022 Books like text book referance book
    Dewey Decimal Classification       Wondo Genet Library Wondo Genet Library   03/08/2022   634.9/8/068 SIN 1992 WGCFNRL00012605 03/08/2022 2 03/08/2022 Books like text book referance book